000
00268nam a2200109Ia 4500
008
231212s1981 xx 000 0 und d
041
_a
eng
082
_a
621.381528
100
_a
Lance Leventhal
245
_a
8080A / 8085 Assembly
260
_a
COlifornia
_b
Khanna
_c
1981
999
_c
958026
_d
958026